1312 1660 1590 1806 1044 1786 1984 1727 1778 1156 1113 1631 1871 1491 1357 1453 1178 1200 1659 1831 1900 1145 1892 1931 1618 1959 1858 1621 1052 1509 1779 1080 1076 1724 1286 1438 1172 1070 1457 1733 1087 1806 1280 1673 1539 1743 1145 1273 1103 1957 1552 1577 1980 1788 1648 1511 1213 1681 1744 1827 1537 1599 1393 1904 1869 1887 1256 1145 1110 1672 1454 1494 1500 1160 1529 1526 1557 1749 1997 1445 1513 1286 1795 1005 1365 1664 1861 1486 1333 1605 1634 1929 1255 1139 1329 1117 1916 1612 1836 BCNSPRNW ULIB Ver.6.0+V

เปลี่ยนเป็นภาษาไทย

Change to English
 แสดงรายละเอียดบรรณานุกรม
  กลับหน้าหลัก

Brief Record : Get Marc (ISO 2709) : E-mail record : QR code < ปิดหน้าต่าง
LEADER : 00000nas 2200000uu 4500
001    13399122824
003     ULIB
008    020711s|||| th a 000 0 tha d
022    16869494
110    โรงพยาบาลศูนย์/โรงพยาบาลทั่วไป เขต4
245    วารสารวิชาการโรงพยาบาลศูนย์/โรงพยาบาลทั่วไป เขต4(วิทยาเขตนครสวรรค์)/^cโรงพยาบาลศูนย์/โรงพยาบาลทั่วไป เขต4
260    อ่างทอง :^bโรงพยาบาลศูนย์/โรงพยาบาลทั่วไป เขต4,^cม.ป.ป.
310    ^aรายสี่เดือน
850 ^a ULIB:campus^bปีที่ 15 ฉบับที่ 2 ;ปีที่ 15 ฉบับที่ 3 ;ปีที่ 16 ฉบับที่ 1 ;ปีที่ 16 ฉบับที่ 2 ฉ.1 ;ปีที่ 17 ฉบับที่ 1 ฉ.1 ;ปีที่ 17 ฉบับที่ 2 ฉ.1
850 ^a ULIB^bปีที่ 16 ฉบับที่ 3 ฉ.1 ;ปีที่ 17 ฉบับที่ 3 ฉ.1
945    ^p0^l0^i800659
945    ^p0^l0^i800834
945    ^p0^l0^i800931
945    ^p0^l0^i801108
945    ^p0^l0^i902945
945    ^p0^l0^i801370
945    ^p0^l0^i801452
945    ^p0^l0^i903707
999    ^aทศพร เกษรทอง
รายการนี้ยังไม่มีแท็ก
คุณยังไม่ได้ล็อกอิน คุณสามารถมีกิจกรรมร่วมกับเว็บไซต์ได้ แต่ต้องล็อกอินก่อน ::
  ล็อกอิน

รายการสื่อสารสนเทศ (วารสาร)

ดูแบบ: กล่อง รายการ
ARRIVED
ปีที่ 15 ฉบับที่ 2
สถานที่: ห้องสมุดวิทยาเขตนครสวรรค์ >วารสาร
ARRIVED
ปีที่ 15 ฉบับที่ 3
สถานที่: ห้องสมุดวิทยาเขตนครสวรรค์ >วารสาร
ARRIVED
ปีที่ 16 ฉบับที่ 1
สถานที่: ห้องสมุดวิทยาเขตนครสวรรค์ >วารสาร
ARRIVED
ปีที่ 16 ฉบับที่ 2 ฉ.1
สถานที่: ห้องสมุดวิทยาเขตนครสวรรค์ >วารสาร
ARRIVED
ปีที่ 16 ฉบับที่ 3 ฉ.1
สถานที่: ห้องสมุดวิทยาเขตสวรรค์ประชารักษ์ >หนังสือพิมพ์
ARRIVED
ปีที่ 17 ฉบับที่ 1 ฉ.1
สถานที่: ห้องสมุดวิทยาเขตนครสวรรค์ >วารสาร
ARRIVED
ปีที่ 17 ฉบับที่ 2 ฉ.1
สถานที่: ห้องสมุดวิทยาเขตนครสวรรค์ >วารสาร
ARRIVED
ปีที่ 17 ฉบับที่ 3 ฉ.1
สถานที่: ห้องสมุดวิทยาเขตสวรรค์ประชารักษ์ >วารสาร

BibComment


ยังไม่เคยถูกคอมเมนท์

คอมเมนท์ทรัพยากรรายการนี้
  คอมเมนท์: วารสารวิชาการโรงพ..


 Copyright 2026. Bcnsprnw @Library